000 00395 a2200169 4500
001 175549
020 _a85-262-2972-9
040 _cMagnum
100 _aRouer, Beatrice
240 1 0 _aSou péssima em matemática!
_lpor
245 1 0 _aSou péssima em matemática!
300 _a28
362 0 _a2001
440 1 _aScipione
697 _aLITERATURA INFANTO-JUVENIL ESTRANGEIRA
942 _cBK
999 _c175549
_d175549